Literary Work and Its Adaptation for Film, Television and Music Production

Vplyv literárnych diel na film a televíziu, ako aj oblasť hudby. Poukázanie na to, ako literárne diela, najmä knižné, menili umenie 20. a 21. storočia a vplývali sociálne, ekonomicky a kultúrne.

Salvato in:
Dettagli Bibliografici
Autore principale: Tóth, Miroslav, 1961-
Natura: Capitolo di libro
Lingua:inglese
Soggetti:
Tags: Aggiungi Tag
Nessun Tag, puoi essere il primo ad aggiungerne!!

MARC

LEADER 00000naa$a2200000$$$4500
001 0306391
005 20250122101304.5
041 0 |a eng 
044 |a CZ 
245 1 0 |a Literary Work and Its Adaptation for Film, Television and Music Production  |c Miroslav Tóth 
520 |a Vplyv literárnych diel na film a televíziu, ako aj oblasť hudby. Poukázanie na to, ako literárne diela, najmä knižné, menili umenie 20. a 21. storočia a vplývali sociálne, ekonomicky a kultúrne. 
610 2 0 |a literatúra 
610 2 0 |a spracovanie textov 
610 2 0 |a knihy 
610 2 0 |a priemysel kreatívny 
610 2 0 |a priemysel kultúrny 
610 2 0 |a priemysel umelecký 
610 2 0 |a film 
610 2 0 |a televízia 
610 2 0 |a hudba 
100 1 |a Tóth, Miroslav, 1961-